[Event "Tradewise Gibraltar Masters 14th"]
[Site "Gibraltar"]
[Date "2016.01.31"]
[Round "6.55"]
[White "Perez Garcia, Rodney Oscar"]
[Black "Prasanna, Raghuram Rao"]
[Result "0-1"]
[WhiteElo "2332"]
[BlackElo "2460"]
[PlyCount "74"]
[EventDate "2016.01.26"]
[EventType "swiss"]
[EventRounds "10"]
[EventCountry "GGB"]
[Source "www.saund.co.uk"]
[SourceDate "2005.02.07"]

1. e4 e5 2. Nf3 Nc6 3. Bc4 Nf6 4. d3 Be7 5. O-O O-O 6. Re1 d6 7. a4 Na5 8. Ba2
c5 9. c3 Nc6 10. h3 h6 11. Nbd2 Be6 12. Nf1 Qd7 13. Ng3 Bxa2 14. Rxa2 Rfe8 15.
Nf5 Bf8 16. Nh2 Ne7 17. Nxe7+ Rxe7 18. Ng4 Re6 19. Nxf6+ Rxf6 20. d4 Rg6 21.
Kh1 cxd4 22. cxd4 Rc8 23. Be3 Qc6 24. d5 Qc4 25. Qb1 Qb4 26. Bxa7 b6 27. a5
bxa5 28. Be3 Be7 29. b3 Bg5 30. Ra4 Qc3 31. Kh2 Bf4+ 32. g3 Rxg3 33. fxg3 Bxe3
34. Re2 Bd4 35. Kg2 Rb8 36. Qe1 Qxb3 37. Qxa5 Qd1 0-1

[Event "Tradewise Gibraltar Masters 14th"]
[Site "Gibraltar"]
[Date "2016.01.31"]
[Round "6.56"]
[White "Galyas, Miklos"]
[Black "De Haan, Eric"]
[Result "1-0"]
[WhiteElo "2459"]
[BlackElo "2313"]
[PlyCount "93"]
[EventDate "2016.01.26"]
[EventType "swiss"]
[EventRounds "10"]
[EventCountry "GGB"]
[Source "www.saund.co.uk"]
[SourceDate "2005.02.07"]

1. d4 Nf6 2. c4 e6 3. Nf3 c5 4. d5 exd5 5. cxd5 d6 6. Nc3 g6 7. h3 a6 8. a4 Qe7
9. Bf4 Bg7 10. e3 O-O 11. Be2 Nbd7 12. O-O Ne8 13. a5 Ne5 14. Nxe5 Bxe5 15.
Bxe5 Qxe5 16. Na4 Bd7 17. Nb6 Rd8 18. Nc4 Qg5 19. Kh2 Nc7 20. f4 Qe7 21. Qd2 f5
22. Bf3 Bb5 23. Rac1 Ne8 24. b4 cxb4 25. Rfe1 Bxc4 26. Rxc4 b3 27. e4 fxe4 28.
Rcxe4 Qf6 29. Re6 Qf5 30. Bg4 Qc2 31. Qxc2 bxc2 32. Re7 Ng7 33. Rc1 Nf5 34.
Bxf5 Rxf5 35. Rxc2 Rxd5 36. Rcc7 Rxa5 37. Rg7+ Kf8 38. Rxh7 Rh5 39. Rhf7+ Kg8
40. Rg7+ Kf8 41. Rcf7+ Ke8 42. Rxb7 Rf5 43. Kg3 Kf8 44. Rxg6 d5 45. Rxa6 d4 46.
Rba7 d3 47. Ra8 1-0

[Event "Tradewise Gibraltar Masters 14th"]
[Site "Gibraltar"]
[Date "2016.01.31"]
[Round "6.57"]
[White "Nezad, Husein Aziz"]
[Black "Papp, Petra"]
[Result "1/2-1/2"]
[WhiteElo "2422"]
[BlackElo "2308"]
[PlyCount "95"]
[EventDate "2016.01.26"]
[EventType "swiss"]
[EventRounds "10"]
[EventCountry "GGB"]
[Source "www.saund.co.uk"]
[SourceDate "2005.02.07"]

1. d4 Nf6 2. c4 g6 3. Nc3 d5 4. Bg5 Ne4 5. Bh4 Nxc3 6. bxc3 dxc4 7. e3 Be6 8.
Be2 Nd7 9. Nf3 Nb6 10. O-O Bg7 11. Qc2 O-O 12. Rfb1 a5 13. e4 Bd7 14. Nd2 Qe8
15. Nxc4 Nxc4 16. Bxc4 b5 17. Bd3 c5 18. e5 e6 19. Qb2 cxd4 20. cxd4 b4 21. a3
bxa3 22. Qxa3 Qc8 23. Be4 Bc6 24. Rc1 Bxe4 25. Rxc8 Rfxc8 26. Be7 a4 27. h4 h5
28. Qe3 Bd5 29. g4 hxg4 30. h5 gxh5 31. Bf6 Bxf6 32. exf6 Kf8 33. Qg5 Rc7 34.
Qg7+ Ke8 35. Qg8+ Kd7 36. Qxf7+ Kd6 37. Qxh5 Rcc8 38. Qh7 Rc7 39. Qh2+ Kd7 40.
Qh6 a3 41. Qg7+ Kd6 42. f7 Rcc8 43. f8=Q+ Rxf8 44. Rxa3 Rh8 45. Qe5+ Kd7 46.
Qg7+ Kd6 47. Qe5+ Kd7 48. Qg7+ 1/2-1/2

[Event "Tradewise Gibraltar Masters 14th"]
[Site "Gibraltar"]
[Date "2016.01.31"]
[Round "6.58"]
[White "Holm, Kristian Stuvik"]
[Black "Goriatchkin, Jouri"]
[Result "1/2-1/2"]
[WhiteElo "2417"]
[BlackElo "2300"]
[PlyCount "81"]
[EventDate "2016.01.26"]
[EventType "swiss"]
[EventRounds "10"]
[EventCountry "GGB"]
[Source "www.saund.co.uk"]
[SourceDate "2005.02.07"]

1. d4 d5 2. c4 c6 3. Nc3 Nf6 4. Nf3 e6 5. Bg5 Nbd7 6. cxd5 exd5 7. e3 Qa5 8.
Nd2 Bd6 9. Bd3 O-O 10. Qc2 h6 11. Bh4 Qc7 12. Nf3 Re8 13. O-O Ng4 14. Bg3 Bxg3
15. hxg3 Ndf6 16. b4 a6 17. a4 Qe7 18. Rab1 Ne4 19. Bxe4 dxe4 20. Nh2 Nf6 21.
Rfc1 h5 22. b5 axb5 23. axb5 Be6 24. bxc6 bxc6 25. Na4 Ra7 26. Rb2 Bd5 27. Rcb1
g6 28. Nb6 Kg7 29. Qd1 Qe6 30. Ra1 Rb7 31. Qe2 Reb8 32. Rab1 Ba2 33. Rxa2 Rxb6
34. Rxb6 Rxb6 35. Rb2 Rxb2 36. Qxb2 Qc4 37. Nf1 Nd5 38. Qd2 Qb3 39. f3 f5 40.
Qa5 Qd1 41. fxe4 1/2-1/2

[Event "Tradewise Gibraltar Masters 14th"]
[Site "Gibraltar"]
[Date "2016.01.31"]
[Round "6.59"]
[White "Teran Alvarez, Ismael"]
[Black "Piasetski, Leon"]
[Result "0-1"]
[WhiteElo "2416"]
[BlackElo "2277"]
[PlyCount "74"]
[EventDate "2016.01.26"]
[EventType "swiss"]
[EventRounds "10"]
[EventCountry "GGB"]
[Source "www.saund.co.uk"]
[SourceDate "2005.02.07"]

1. e4 c6 2. d4 d5 3. e5 Bf5 4. Nf3 e6 5. Be2 Nd7 6. O-O Bg6 7. Nbd2 Nh6 8. Nb3
Nf5 9. a4 h5 10. a5 a6 11. g3 Be7 12. Bf4 Qc7 13. Rc1 Rd8 14. c4 dxc4 15. Bxc4
Nf8 16. Qe2 Nh7 17. Rfd1 Qb8 18. Nc5 Nxd4 19. Rxd4 Rxd4 20. Nxd4 Bxc5 21. Nxe6
fxe6 22. Bxe6 Qa7 23. Rd1 Nf8 24. Qd2 Bxf2+ 25. Kf1 Qd4 26. Qe2 Nxe6 27. Rxd4
Bxd4 28. Qc4 Bf5 29. Qb4 c5 30. Qa4+ Ke7 31. Qb3 Be4 32. Qb6 Rd8 33. h4 c4 34.
Qb4+ Bc5 35. Bg5+ Kf7 36. Qe1 Nxg5 37. hxg5 Bf3 0-1

[Event "Tradewise Gibraltar Masters 14th"]
[Site "Gibraltar"]
[Date "2016.01.31"]
[Round "6.60"]
[White "Mohota, Nisha"]
[Black "Csonka, Balazs"]
[Result "1-0"]
[WhiteElo "2245"]
[BlackElo "2415"]
[PlyCount "109"]
[EventDate "2016.01.26"]
[EventType "swiss"]
[EventRounds "10"]
[EventCountry "GGB"]
[Source "www.saund.co.uk"]
[SourceDate "2005.02.07"]

1. e4 e5 2. Nf3 Nc6 3. Bc4 Nf6 4. d3 h6 5. O-O d6 6. a4 g5 7. c3 Bg7 8. a5 a6
9. Re1 O-O 10. h3 Ne7 11. Nbd2 Ng6 12. Nf1 c6 13. Bb3 Re8 14. Be3 Bd7 15. Bb6
Qc8 16. Ne3 Bf8 17. Nh2 h5 18. Bc2 Nf4 19. Qf3 g4 20. hxg4 hxg4 21. Qd1 Be6 22.
d4 N4h5 23. dxe5 dxe5 24. Nf5 Bxf5 25. exf5 e4 26. Nxg4 Qxf5 27. Nxf6+ Nxf6 28.
Re3 Bc5 29. Rg3+ Kf8 30. Qd2 Bxb6 31. Qd6+ Re7 32. axb6 Qe5 33. Qd2 Rd7 34.
Qh6+ Ke7 35. Re1 Rad8 36. Rg5 Qe6 37. Bb3 Rd5 38. Bxd5 cxd5 39. Re3 d4 40. cxd4
Rxd4 41. Re1 Qd6 42. Qh4 Rd1 43. Rxd1 Qxd1+ 44. Kh2 Qd6+ 45. g3 e3 46. fxe3
Qd2+ 47. Kh3 Qd7+ 48. g4 Qc6 49. Re5+ Kd7 50. Qf2 Qh1+ 51. Kg3 Ne4+ 52. Rxe4
Qxe4 53. Qxf7+ Kd8 54. Qf8+ Kd7 55. Qf5+ 1-0

[Event "Tradewise Gibraltar Masters 14th"]
[Site "Gibraltar"]
[Date "2016.01.31"]
[Round "6.61"]
[White "Nagy, Gabor"]
[Black "Perez Garcia, Alejandro"]
[Result "0-1"]
[WhiteElo "2413"]
[BlackElo "2273"]
[PlyCount "96"]
[EventDate "2016.01.26"]
[EventType "swiss"]
[EventRounds "10"]
[EventCountry "GGB"]
[Source "www.saund.co.uk"]
[SourceDate "2005.02.07"]

1. Nf3 d5 2. g3 Bg4 3. Bg2 Nd7 4. d3 Ngf6 5. Nbd2 e5 6. e4 dxe4 7. dxe4 Be7 8.
h3 Bh5 9. O-O O-O 10. Qe1 Ne8 11. Nc4 f6 12. Nh4 Bf7 13. Qe2 g6 14. Bh6 Ng7 15.
Rad1 Qe8 16. Ne3 Nc5 17. Nd5 Bd8 18. Qe3 Nd7 19. Qd2 c6 20. Nc7 Bxc7 21. Qxd7
Rc8 22. Bf3 Qxd7 23. Rxd7 Rfd8 24. Rfd1 Ne6 25. Bg4 Nc5 26. Rxd8+ Rxd8 27.
Rxd8+ Bxd8 28. Bc8 b6 29. f3 Bxa2 30. b3 a5 31. Ng2 b5 32. Be3 Be7 33. Kf1 Kf8
34. Ke1 a4 35. bxa4 bxa4 36. Bc1 Be6 37. Bxe6 Nxe6 38. c3 Nc5 39. Kd1 Nb3 40.
Bh6+ Kf7 41. Kc2 Na5 42. Ne3 Bc5 43. Ng4 Nc4 44. f4 Ke6 45. Bg7 exf4 46. gxf4
a3 47. f5+ gxf5 48. exf5+ Kf7 0-1

[Event "Tradewise Gibraltar Masters 14th"]
[Site "Gibraltar"]
[Date "2016.01.31"]
[Round "6.62"]
[White "Vanheirzeele, Daniel"]
[Black "Vogt, Lothar"]
[Result "1/2-1/2"]
[WhiteElo "2149"]
[BlackElo "2409"]
[PlyCount "70"]
[EventDate "2016.01.26"]
[EventType "swiss"]
[EventRounds "10"]
[EventCountry "GGB"]
[Source "www.saund.co.uk"]
[SourceDate "2005.02.07"]

1. d4 Nf6 2. c4 g6 3. Nc3 Bg7 4. e4 d6 5. Nf3 O-O 6. Be2 Bg4 7. Be3 Nfd7 8. Ng1
Bxe2 9. Ngxe2 a6 10. O-O c5 11. dxc5 Nxc5 12. b4 Ncd7 13. Rc1 Nc6 14. Qb3 e6
15. Rfd1 Qe7 16. f4 Rac8 17. Qa3 Ncb8 18. Qb3 Rc7 19. Na4 Nf6 20. Ng3 Ng4 21.
Bb6 Rc6 22. h3 Nf6 23. b5 Rcc8 24. Qb4 Ne8 25. Kh2 Bh6 26. Be3 e5 27. Qd2 exf4
28. Bxf4 Bxf4 29. Qxf4 Nd7 30. Nf1 f5 31. Ng3 Qe5 32. Qxe5 Nxe5 33. exf5 gxf5
34. bxa6 bxa6 35. c5 Rc6 1/2-1/2

[Event "Tradewise Gibraltar Masters 14th"]
[Site "Gibraltar"]
[Date "2016.01.31"]
[Round "6.63"]
[White "Martinez Martin, David"]
[Black "Nava Pereda, Carlos"]
[Result "1/2-1/2"]
[WhiteElo "2407"]
[BlackElo "2262"]
[PlyCount "86"]
[EventDate "2016.01.26"]
[EventType "swiss"]
[EventRounds "10"]
[EventCountry "GGB"]
[Source "www.saund.co.uk"]
[SourceDate "2005.02.07"]

1. d4 Nf6 2. c4 e6 3. Nc3 Bb4 4. e3 O-O 5. Bd3 c5 6. Nf3 b6 7. O-O Bb7 8. Bd2
Re8 9. a3 Ba5 10. b4 cxb4 11. Nb5 Bxf3 12. Qxf3 Nc6 13. g4 Rf8 14. g5 Ne8 15.
Be4 Qxg5+ 16. Qg2 Qxg2+ 17. Bxg2 b3 18. Bxa5 bxa5 19. c5 a6 20. Nc3 a4 21. Nxa4
Ra7 22. Bxc6 dxc6 23. Rab1 Rb7 24. Nb6 Nf6 25. Rxb3 Re8 26. Rfb1 e5 27. Nc4
Rxb3 28. Rxb3 exd4 29. exd4 Re1+ 30. Kg2 g5 31. Ne5 Nd5 32. Rb8+ Kg7 33. Rb7
Nf4+ 34. Kf3 Ne6 35. Nxc6 h5 36. h3 g4+ 37. Kg3 Rd1 38. Rd7 gxh3 39. Nd8 Rg1+
40. Kxh3 Ng5+ 41. Kh2 Nf3+ 42. Kh3 Ng5+ 43. Kh2 Nf3+ 1/2-1/2

[Event "Tradewise Gibraltar Masters 14th"]
[Site "Gibraltar"]
[Date "2016.01.31"]
[Round "6.64"]
[White "Codenotti, Marco"]
[Black "Cordes, Hans-Joerg"]
[Result "1-0"]
[WhiteElo "2406"]
[BlackElo "2257"]
[PlyCount "45"]
[EventDate "2016.01.26"]
[EventType "swiss"]
[EventRounds "10"]
[EventCountry "GGB"]
[Source "www.saund.co.uk"]
[SourceDate "2005.02.07"]

1. e4 e6 2. d4 d5 3. Nd2 Be7 4. Bd3 c5 5. dxc5 Nf6 6. Qe2 a5 7. Ngf3 O-O 8. O-O
Na6 9. e5 Nd7 10. c4 Naxc5 11. Bc2 Nb6 12. Rd1 Qc7 13. cxd5 Nxd5 14. Ne4 Nb4
15. Bb1 Rd8 16. Rxd8+ Qxd8 17. Nxc5 Bxc5 18. Bxh7+ Kxh7 19. Ng5+ Kg8 20. Qh5
Qe8 21. Qh7+ Kf8 22. Ne4 b6 23. Bg5 1-0

[Event "Tradewise Gibraltar Masters 14th"]
[Site "Gibraltar"]
[Date "2016.01.31"]
[Round "6.65"]
[White "Kuipers, Stefan"]
[Black "Menna Barreto, Felipe Kubiaki"]
[Result "1-0"]
[WhiteElo "2399"]
[BlackElo "2247"]
[PlyCount "53"]
[EventDate "2016.01.26"]
[EventType "swiss"]
[EventRounds "10"]
[EventCountry "GGB"]
[Source "www.saund.co.uk"]
[SourceDate "2005.02.07"]

1. e4 c5 2. Nf3 d6 3. d4 cxd4 4. Nxd4 Nf6 5. Nc3 a6 6. h3 e5 7. Nde2 h5 8. Bg5
Be6 9. Bxf6 Qxf6 10. Nd5 Qd8 11. Qd3 Nd7 12. Nec3 g6 13. O-O-O Rc8 14. Kb1 Bg7
15. Be2 Nc5 16. Qe3 Bh6 17. f4 Bxd5 18. Nxd5 h4 19. Qf3 exf4 20. Qc3 O-O 21.
Nf6+ Kh8 22. Ne8+ Kh7 23. Nf6+ Kh8 24. Rxd6 Qe7 25. Nd5+ Bg7 26. Nxe7 Bxc3 27.
Nxc8 1-0

[Event "Tradewise Gibraltar Masters 14th"]
[Site "Gibraltar"]
[Date "2016.01.31"]
[Round "6.66"]
[White "Khademalsharieh, Sarasadat"]
[Black "Saber, Yasser"]
[Result "1-0"]
[WhiteElo "2392"]
[BlackElo "2230"]
[PlyCount "73"]
[EventDate "2016.01.26"]
[EventType "swiss"]
[EventRounds "10"]
[EventCountry "GGB"]
[Source "www.saund.co.uk"]
[SourceDate "2005.02.07"]

1. d4 d6 2. c4 g6 3. Nf3 Bg7 4. g3 f5 5. Bg2 Nf6 6. O-O O-O 7. Nc3 Nc6 8. b3
Ne4 9. Bb2 Nxc3 10. Bxc3 e5 11. dxe5 dxe5 12. Qd5+ Kh8 13. Qxd8 Rxd8 14. Ng5
Re8 15. Bxc6 bxc6 16. e4 h6 17. Nf3 fxe4 18. Nd2 Bf5 19. Rfe1 Rad8 20. Nxe4 Kg8
21. Rac1 Kf7 22. f3 g5 23. g4 Bg6 24. Kg2 Bf8 25. Rc2 Rd3 26. Ba5 Rd7 27. Rce2
Rde7 28. Rd1 Re6 29. Rd7+ R8e7 30. Rxc7 Rxc7 31. Bxc7 Bb4 32. c5 Ke8 33. Bxe5
Kd7 34. Bd4 Kc7 35. Bf2 Bf7 36. a3 Bxa3 37. Ra2 1-0

[Event "Tradewise Gibraltar Masters 14th"]
[Site "Gibraltar"]
[Date "2016.01.31"]
[Round "6.67"]
[White "Walton, Alan J"]
[Black "Anurag, Mhamal"]
[Result "0-1"]
[WhiteElo "2206"]
[BlackElo "2387"]
[PlyCount "48"]
[EventDate "2016.01.26"]
[EventType "swiss"]
[EventRounds "10"]
[EventCountry "GGB"]
[Source "www.saund.co.uk"]
[SourceDate "2005.02.07"]

1. d4 Nf6 2. Bg5 b6 3. Nd2 Bb7 4. f3 d5 5. e3 Nbd7 6. Bd3 e5 7. Qe2 h6 8. Bh4
Be7 9. Nh3 O-O 10. O-O Re8 11. Qf2 c5 12. c3 Qc7 13. g4 Bd6 14. Rae1 Qc6 15.
Kh1 Qa4 16. g5 hxg5 17. Bxg5 exd4 18. Qh4 Ba6 19. Bxf6 Bxd3 20. Bxg7 Kxg7 21.
Rg1+ Bg6 22. cxd4 Rh8 23. Qg4 Nf6 24. Qg2 Rxh3 0-1

[Event "Tradewise Gibraltar Masters 14th"]
[Site "Gibraltar"]
[Date "2016.01.31"]
[Round "6.68"]
[White "Wemmers, Xander"]
[Black "Nebolsina, Vera"]
[Result "1-0"]
[WhiteElo "2352"]
[BlackElo "2208"]
[PlyCount "89"]
[EventDate "2016.01.26"]
[EventType "swiss"]
[EventRounds "10"]
[EventCountry "GGB"]
[Source "www.saund.co.uk"]
[SourceDate "2005.02.07"]

1. d4 d5 2. c4 c6 3. Nf3 Nf6 4. e3 g6 5. Bd3 Bg7 6. O-O O-O 7. Nc3 a6 8. a4 a5
9. b3 Bg4 10. Ba3 Re8 11. h3 Bxf3 12. Qxf3 e6 13. Rad1 Na6 14. Qe2 Qb6 15. Bd6
Bf8 16. c5 Qd8 17. Bg3 Nb4 18. Bb1 e5 19. dxe5 Nh5 20. Bh2 Bxc5 21. g4 Ng7 22.
f4 Qb6 23. Rde1 f5 24. gxf5 gxf5 25. Kh1 Kh8 26. Rg1 Rf8 27. Nd1 Qc7 28. Rg5
Be7 29. Rxg7 Kxg7 30. Bxf5 Rxf5 31. Qg4+ Rg5 32. fxg5 Rf8 33. g6 hxg6 34. Rg1
g5 35. e6 Qd8 36. Qh5 Rf5 37. e4 dxe4 38. Ne3 Qf8 39. Nxf5+ Qxf5 40. Be5+ Qxe5
41. Qf7+ Kh6 42. Qxe7 Nd5 43. Qf8+ Kh5 44. Qf7+ Kh6 45. h4 1-0

[Event "Tradewise Gibraltar Masters 14th"]
[Site "Gibraltar"]
[Date "2016.01.31"]
[Round "6.69"]
[White "Baert, Andy"]
[Black "Foisor, Cristina Adela"]
[Result "1-0"]
[WhiteElo "2184"]
[BlackElo "2338"]
[PlyCount "161"]
[EventDate "2016.01.26"]
[EventType "swiss"]
[EventRounds "10"]
[EventCountry "GGB"]
[Source "www.saund.co.uk"]
[SourceDate "2005.02.07"]

1. d4 g6 2. e4 Bg7 3. Nf3 d6 4. Nc3 a6 5. Be2 Nd7 6. O-O e6 7. Re1 Ne7 8. Bg5
h6 9. Be3 O-O 10. Qd2 Kh7 11. Rad1 b5 12. a3 Bb7 13. d5 exd5 14. Nxd5 Nxd5 15.
exd5 Nb6 16. Bxb6 cxb6 17. c3 Rc8 18. Nd4 Bxd5 19. a4 bxa4 20. Bxa6 Rc5 21. Bd3
Qh4 22. Re3 Qg5 23. g3 Rfc8 24. f4 Qg4 25. Be2 Qd7 26. f5 Re8 27. Rf1 Rxe3 28.
Qxe3 Be5 29. Bd3 Qe8 30. Bc2 Rc7 31. Nf3 b5 32. Nh4 Qh8 33. fxg6+ Kg8 34. Qb6
Rc8 35. Nf5 Be6 36. Ne7+ Kg7 37. Nxc8 Qxc8 38. gxf7 Bxf7 39. Qa7 Qc5+ 40. Qxc5
dxc5 41. Re1 Kf6 42. Re3 Be8 43. Kf1 b4 44. Ke2 Bb5+ 45. Kd2 a3 46. bxa3 bxa3
47. Bb3 c4 48. Ba2 Ke6 49. Re4 Kd5 50. Rh4 Bf6 51. Rg4 h5 52. Rg6 Be5 53. Rb6
Kc5 54. Rh6 Kd5 55. Rxh5 Ba4 56. Rxe5+ Kxe5 57. Bxc4 Bd7 58. Kc2 Ke4 59. Kb3
Kf3 60. Bd5+ Kf2 61. c4 Bh3 62. c5 Kg1 63. Bf3 Kxh2 64. g4 Kg3 65. Bd1 Kf4 66.
Kxa3 Bg2 67. Kb4 Ke5 68. Ka5 Ke6 69. Kb6 Kd7 70. Bc2 Ke7 71. Bf5 Bd5 72. c6
Bxc6 73. Kxc6 Kf6 74. Kd6 Kf7 75. Ke5 Kg7 76. Kf4 Kf6 77. Bc2 Kf7 78. Kg5 Kg7
79. Bd3 Kf7 80. Kh6 Kg8 81. g5 1-0

[Event "Tradewise Gibraltar Masters 14th"]
[Site "Gibraltar"]
[Date "2016.01.31"]
[Round "6.70"]
[White "Pourkashiyan, Atousa"]
[Black "Verneuil, Pascal"]
[Result "0-1"]
[WhiteElo "2338"]
[BlackElo "2205"]
[PlyCount "148"]
[EventDate "2016.01.26"]
[EventType "swiss"]
[EventRounds "10"]
[EventCountry "GGB"]
[Source "www.saund.co.uk"]
[SourceDate "2005.02.07"]

1. e4 c5 2. c3 d5 3. exd5 Qxd5 4. d4 Nc6 5. Nf3 Bf5 6. Be3 Nf6 7. Na3 cxd4 8.
Bc4 Qd7 9. Nxd4 Be4 10. Nxc6 Bxc6 11. Qxd7+ Bxd7 12. O-O-O a6 13. Be2 e6 14.
Nc4 Nd5 15. Bd4 f6 16. Bf3 Bc6 17. Na5 Rd8 18. Nxc6 bxc6 19. c4 Nb4 20. a3 c5
21. Be3 Nd3+ 22. Kc2 Ne5 23. Bb7 a5 24. Ba6 Bd6 25. Bb5+ Ke7 26. h3 g5 27. Rd2
Nf7 28. Re1 Rc8 29. Rde2 Be5 30. Bd2 Ra8 31. g3 Nd8 32. Be3 Bd6 33. Bd2 e5 34.
Be3 Ne6 35. Rd2 h5 36. b3 Rad8 37. Bc6 Kf8 38. Rd5 Rh7 39. Kb2 Rc7 40. Ba4 Re7
41. h4 g4 42. Bd2 Ra7 43. Bc3 Nc7 44. Rd3 Ne6 45. f3 Nd4 46. fxg4 hxg4 47. Rf1
Kg7 48. Bb5 Rf8 49. Bc6 f5 50. Bd5 Kg6 51. Re3 Rf6 52. Rh1 Kh5 53. Rd1 f4 54.
gxf4 exf4 55. Re8 Re7 56. Rh8+ Rh6 57. Rg8 Re2+ 58. Kb1 f3 59. Rg1 f2 60. Rf1
Kxh4 61. b4 axb4 62. axb4 Kg3 63. Rg7 cxb4 64. Rxf2 bxc3 65. Rxe2 Nxe2 66. Rg8
Nd4 67. Be4 Ba3 68. Rd8 c2+ 69. Bxc2 Rh1+ 70. Ka2 Nxc2 71. Rd2 Rh2 72. Rd3+ Kf4
73. Rd8 g3 74. Rg8 Bc5 0-1

[Event "Tradewise Gibraltar Masters 14th"]
[Site "Gibraltar"]
[Date "2016.01.31"]
[Round "6.71"]
[White "Blomqvist, Erik"]
[Black "Guthrie, David"]
[Result "1-0"]
[WhiteElo "2492"]
[BlackElo "2187"]
[PlyCount "49"]
[EventDate "2016.01.26"]
[EventType "swiss"]
[EventRounds "10"]
[EventCountry "GGB"]
[Source "www.saund.co.uk"]
[SourceDate "2005.02.07"]

1. e4 c5 2. Nf3 d6 3. d4 cxd4 4. Nxd4 Nf6 5. Nc3 a6 6. Bc4 e6 7. Bb3 b5 8. O-O
Be7 9. Qf3 Qc7 10. Qg3 Nc6 11. Nxc6 Qxc6 12. Re1 O-O 13. Bh6 Ne8 14. Nd5 Bd8
15. Re3 Kh8 16. Bg5 Bb7 17. Ne7 Bxe7 18. Bxe7 Rg8 19. Qf4 f6 20. Bxe6 Qc7 21.
Rh3 Qxe7 22. Rxh7+ Kxh7 23. Qh4+ Kg6 24. g4 Rh8 25. Qxh8 1-0

[Event "Tradewise Gibraltar Masters 14th"]
[Site "Gibraltar"]
[Date "2016.01.31"]
[Round "6.72"]
[White "Midonet, Mathieu"]
[Black "Houska, Jovanka"]
[Result "1-0"]
[WhiteElo "2211"]
[BlackElo "2402"]
[PlyCount "73"]
[EventDate "2016.01.26"]
[EventType "swiss"]
[EventRounds "10"]
[EventCountry "GGB"]
[Source "www.saund.co.uk"]
[SourceDate "2005.02.07"]

1. e4 c6 2. Ne2 d5 3. e5 d4 4. d3 g6 5. f4 Bg7 6. Nd2 f6 7. Nf3 c5 8. g3 Nc6 9.
Bg2 Nh6 10. c3 O-O 11. O-O Qb6 12. Nd2 Be6 13. Nc4 Qc7 14. cxd4 cxd4 15. Bd2
fxe5 16. Rc1 exf4 17. Nxf4 Bf7 18. Na5 Nf5 19. Nxc6 bxc6 20. Rxc6 Qd7 21. Qg4
e5 22. Nh3 Bd5 23. Bxd5+ Qxd5 24. Rfc1 Qxa2 25. Qe4 Qxb2 26. Qd5+ Kh8 27. R6c2
Rad8 28. Qe6 Qb5 29. Ng5 Qxd3 30. Nf7+ Rxf7 31. Qxf7 Nxg3 32. Bh6 Nf5 33. Rc8
Qd1+ 34. Rxd1 Rxc8 35. Bxg7+ Nxg7 36. Rb1 d3 37. Rb7 1-0

[Event "Tradewise Gibraltar Masters 14th"]
[Site "Gibraltar"]
[Date "2016.01.31"]
[Round "6.73"]
[White "Lazarne Vajda, Szidonia"]
[Black "Semprun Martinez, Fernando"]
[Result "1/2-1/2"]
[WhiteElo "2359"]
[BlackElo "2178"]
[PlyCount "112"]
[EventDate "2016.01.26"]
[EventType "swiss"]
[EventRounds "10"]
[EventCountry "GGB"]
[Source "www.saund.co.uk"]
[SourceDate "2005.02.07"]

1. e4 e5 2. Nf3 Nc6 3. Bb5 a6 4. Ba4 Nf6 5. O-O Be7 6. d3 b5 7. Bb3 O-O 8. a4
b4 9. a5 d6 10. Nbd2 Rb8 11. Re1 Be6 12. Nc4 h6 13. h3 Nd4 14. Nxd4 exd4 15. e5
Nd5 16. Qf3 c6 17. Ba4 Rc8 18. Bd2 dxe5 19. Nxe5 Qd6 20. Qg3 Kh7 21. Re2 Rfe8
22. Nxc6 Qxg3 23. fxg3 Bc5 24. Ne5 Red8 25. Nc4 Ba7 26. Bb3 Ne3 27. Bxe3 dxe3
28. Nb6 Rc6 29. Bxe6 Rxe6 30. Rd1 Bb8 31. g4 Bg3 32. d4 Re4 33. c3 g6 34. Rd3
Bf2+ 35. Kh2 f5 36. gxf5 gxf5 37. d5 f4 38. d6 f3 39. gxf3 Rh4 40. Rd4 Rxd4 41.
cxd4 Rxd6 42. d5 Kg6 43. b3 Kf5 44. Nc4 Rxd5 45. Rxe3 Kf4 46. Re6 Kxf3 47. Rf6+
Ke2 48. Rxa6 h5 49. Rf6 Ba7 50. a6 Bb8+ 51. Kh1 Rd3 52. Rf8 Rxh3+ 53. Kg2 Rg3+
54. Kh1 Rh3+ 55. Kg2 Rg3+ 56. Kh1 Rh3+ 1/2-1/2

[Event "Tradewise Gibraltar Masters 14th"]
[Site "Gibraltar"]
[Date "2016.01.31"]
[Round "6.74"]
[White "Pinho, Paulo"]
[Black "Vuilleumier, Alexandre"]
[Result "1-0"]
[WhiteElo "2197"]
[BlackElo "2356"]
[PlyCount "133"]
[EventDate "2016.01.26"]
[EventType "swiss"]
[EventRounds "10"]
[EventCountry "GGB"]
[Source "www.saund.co.uk"]
[SourceDate "2005.02.07"]

1. d4 d6 2. c4 e5 3. Nf3 e4 4. Ng5 f5 5. Nc3 Be7 6. h4 c6 7. e3 Na6 8. g3 Nf6
9. Bd2 Nc7 10. Nh3 O-O 11. Qc2 a6 12. Ne2 Qe8 13. Nef4 b5 14. Be2 d5 15. Ba5
Ne6 16. cxd5 Nxd5 17. Nxd5 cxd5 18. Qb3 Bb7 19. Bb4 Bxb4+ 20. Qxb4 Bc6 21. Rc1
Qd7 22. Qa5 Rfb8 23. Qc3 Rc8 24. O-O a5 25. a3 Qd6 26. b4 Bd7 27. Qb2 axb4 28.
Rxc8+ Rxc8 29. axb4 Ra8 30. Rb1 g6 31. Kg2 Kg7 32. Rc1 Ra4 33. Rb1 h6 34. Bd1
Ra7 35. Rc1 g5 36. hxg5 hxg5 37. Qd2 Ra3 38. Be2 Rb3 39. Ra1 Rxb4 40. Ra5 f4
41. exf4 gxf4 42. Bg4 Ra4 43. Bxe6 Rxa5 44. Bxd7 b4 45. Nxf4 Qxd7 46. Qxb4 Ra6
47. Qb8 Rh6 48. Qe5+ Kh7 49. Qg5 Qf7 50. Kg1 Rd6 51. Qe5 Qf6 52. Qh5+ Qh6 53.
Qf5+ Kg7 54. g4 e3 55. Qe5+ Kf7 56. fxe3 Qf6 57. Qh5+ Kf8 58. Kg2 Rb6 59. Qxd5
Qc6 60. Kg3 Qxd5 61. Nxd5 Rb1 62. Kf4 Kf7 63. Kf5 Rb5 64. e4 Ra5 65. g5 Ra4 66.
g6+ Kg7 67. Nf4 1-0

[Event "Tradewise Gibraltar Masters 14th"]
[Site "Gibraltar"]
[Date "2016.01.31"]
[Round "6.75"]
[White "Ranaivoharisoa, Alain"]
[Black "Shachar, Ehud"]
[Result "0-1"]
[WhiteElo "2160"]
[BlackElo "2353"]
[PlyCount "80"]
[EventDate "2016.01.26"]
[EventType "swiss"]
[EventRounds "10"]
[EventCountry "GGB"]
[Source "www.saund.co.uk"]
[SourceDate "2005.02.07"]

1. e4 e6 2. d4 d5 3. Nd2 Nc6 4. Ngf3 Nf6 5. e5 Nd7 6. Bb5 a6 7. Bxc6 bxc6 8.
Nb3 c5 9. Bg5 Be7 10. Bxe7 Qxe7 11. c3 a5 12. O-O O-O 13. Nxc5 Nxc5 14. dxc5
Qxc5 15. Qd4 Qe7 16. b4 Ba6 17. Rfe1 c5 18. bxc5 Rfc8 19. Re3 Rxc5 20. Nd2 Rac8
21. h4 Qc7 22. Rc1 Kh8 23. Rg3 h6 24. Re3 Rb5 25. Rce1 Rb2 26. Rg3 Rxa2 27.
Ree3 Rg8 28. Rg4 a4 29. Reg3 Qe7 30. Qf4 Kh7 31. Nf3 Ra1+ 32. Kh2 Be2 33. Qf6
Qxf6 34. exf6 g6 35. Rb4 Bxf3 36. Rxf3 Ra8 37. Rd3 a3 38. Rdd4 e5 39. Rg4 e4
40. Rb7 Kg8 0-1